[Event "Avoine op 26th"]
[Site "Avoine"]
[Date "2011.07.28"]
[Round "6"]
[White "Hutois, Mickael"]
[Black "Prodhomme, Adrien"]
[Result "1/2-1/2"]
[WhiteElo "2184"]
[BlackElo "1898"]
[PlyCount "115"]
[EventDate "2011.07.23"]
[EventType "swiss"]
[EventRounds "9"]
[EventCountry "FRA"]
[SourceTitle "EXT 2012"]
[Source "ChessBase"]
[SourceDate "2011.11.24"]
[SourceVersion "1"]
[SourceVersionDate "2011.11.24"]
[SourceQuality "1"]

1. e4 c5 2. Nf3 d6 3. d4 cxd4 4. Qxd4 Nc6 5. Bb5 Bd7 6. Bxc6 Bxc6 7. c4 Nf6 8. Nc3 e6 9. 0-0 Be7 10. b4 b6 11. Bb2 0-0 12. Rac1 Qd7 13. Rfd1 Rfd8 14. Rd3 Rac8 15. Nd2 Ng4 16. Nd5 e5 17. Nxe7+ Qxe7 18. Qc3 Qh4 19. Rg3 Qxh2+ 20. Kf1 Qh1+ 21. Ke2 Qh5 22. f3 Nh6 23. Qe3 f5 24. Rg5 Qf7 25. f4 Re8 26. fxe5 dxe5 27. Rh1 Re6 28. Rhh5 Bxe4 29. Nxe4 fxe4 30. Qxe4 Rf8 31. Kd3 Rd6+ 32. Kc2 Qf1 33. Rxg7+ Kxg7 34. Qxe5+ Rdf6 35. Qg5+ Kf7 36. Bxf6 Qf2+ 37. Kb3 Qxf6 38. Qxh6 Qxh6 39. Rxh6 Kg7 40. Rh3 Rc8 41. Rd3 Rc7 42. a4 Kf6 43. a5 bxa5 44. bxa5 Ke6 45. Kb4 Rb7+ 46. Kc3 Rc7 47. Rd5 Rg7 48. Rd2 Rb7 49. Rb2 Rc7 50. Re2+ Kd6 51. Kd4 Rg7 52. c5+ Kc6 53. Re6+ Kb5 54. c6 Rxg2 55. c7 Rc2 56. Re7 Kxa5 57. Kd3 Rc6 58. c8Q 1/2-1/2

[Event "Rohde op 09th"]
[Site "Sautron"]
[Date "2009.10.28"]
[Round "6"]
[White "Prodhomme, Adrien"]
[Black "Preux, Paul Olivier"]
[Result "1/2-1/2"]
[WhiteElo "1896"]
[BlackElo "2306"]
[PlyCount "106"]
[EventDate "2009.10.24"]
[EventType "swiss"]
[EventRounds "9"]
[EventCountry "FRA"]
[SourceTitle "EXT 2010"]
[Source "ChessBase"]
[SourceDate "2010.11.25"]
[SourceVersion "1"]
[SourceVersionDate "2010.11.25"]
[SourceQuality "1"]

1. e4 e5 2. Nf3 Nc6 3. Bc4 Bc5 4. c3 Nf6 5. d3 d6 6. 0-0 a6 7. Bb3 h6 8. Re1 0-0 9. Nbd2 Ba7 10. Nf1 Re8 11. Be3 Be6 12. Bxa7 Rxa7 13. Ng3 Ra8 14. d4 Bg4 15. Re3 exd4 16. cxd4 Nh5 17. h3 Nxg3 18. fxg3 Bh5 19. Qd3 d5 20. exd5 Rxe3 21. Qxe3 Bxf3 22. gxf3 Ne7 23. Qe5 Ng6 24. Qe3 Qd7 25. Kg2 Re8 26. Qd2 Qe7 27. Kf2 Qd7 28. Kg2 Ne7 29. Re1 Nf5 30. Rxe8+ Qxe8 31. Kf2 Qd7 32. Qf4 Nd6 33. Kg2 Qb5 34. Qe3 Kf8 35. Kf2 Qb6 36. g4 Nb5 37. Ba4 Nd6 38. Bb3 Ne8 39. Qc3 Qf6 40. Qe3 Nd6 41. Qe5 Qg6 42. Qe2 Qb1 43. Kg2 Ne8 44. Qc2 Qe1 45. Qf2 Qc1 46. Qc2 Qf4 47. Qc5+ Qd6 48. Qxd6+ Nxd6 49. Kf2 Ke7 50. h4 g5 51. hxg5 hxg5 52. Ke3 b5 53. Kd3 a5 1/2-1/2

[Event "FRA-ch op-B"]
[Site "Nimes"]
[Date "2009.08.11"]
[Round "1"]
[White "Prodhomme, Adrien"]
[Black "Ek, Sothea"]
[Result "1-0"]
[WhiteElo "1869"]
[BlackElo "1979"]
[PlyCount "67"]
[EventDate "2009.08.11"]
[EventType "swiss"]
[EventRounds "11"]
[EventCountry "FRA"]
[SourceTitle "EXT 2011"]
[Source "ChessBase"]
[SourceDate "2010.11.26"]
[SourceVersion "1"]
[SourceVersionDate "2010.11.26"]
[SourceQuality "1"]

1. e4 e6 2. d4 d5 3. Nc3 c6 4. e5 Bd7 5. Nf3 c5 6. Bf4 Qb6 7. Rb1 cxd4 8. Nxd4 a6 9. Nf3 Bc5 10. Bg3 Ne7 11. Bd3 Ng6 12. 0-0 Bc6 13. b4 Be7 14. h4 Bd7 15. h5 Nf8 16. Qd2 Qd8 17. b5 a5 18. Na4 h6 19. Qe3 Bg5 20. Nxg5 Qxg5 21. Nb6 Ra7 22. Nxd7 b6 23. Nxf8 Kxf8 24. Be2 Nd7 25. Rfd1 Qe7 26. c4 dxc4 27. Rbc1 g6 28. Rxc4 Nc5 29. Rcd4 Kg7 30. Rd6 gxh5 31. Rxb6 h4 32. Bh2 Na4 33. Rc6 Rb8 34. Qd4 1-0